000 00510nam a2200181Ia 4500
008 151202s9999||||xx |||||||||||||| ||und||
082 _bPNVM-61628
100 _aभावे राम.
245 _aहवाहवाई.
260 _b"पुष्प प्रकाशन, पुणे."
260 _c61628
300 _a112
600 _aभावे राम.
630 _aहवाहवाई.
700 _aभावे राम.
730 _aहवाहवाई.
942 _cBOOK
999 _c1328162
_d1328159